Statistics for INDIAN NAVY RANKS QUIZ

Click here to take the quiz!

General Stats

  • This quiz has been taken 24 times
  • The average score is 6 of 16

Answer Stats

RANKS FULL-FORMS % Correct
OF-5captain
80%
OF-4commander
70%
OF-9admiral
70%
OF-6commodore
60%
OR-4chief petty officer
50%
OF-8vice admiral
50%
OR-2leading seaman
40%
OR-3petty officer
40%
OF-7rear admiral
40%
OF-2lieutenant
30%
OF-3lieutenant commander
30%
OF-10`admiral of the fleet
30%
OF-1sub lieutenant
20%
OR-1ordinary seaman
10%
OR-5Master Chief Petty Officer second class
0%
OR-6Master Chief Petty Officer first class
0%

Score Distribution

Percentile by Number Answered

Percent of People with Each Score

Your Score History

You have not taken this quiz